Analytická chémia zložitých sústav

Salvato in:
Dettagli Bibliografici
Autori principali: Hladký, Zdeněk, Liška, Otokar (Autore)
Natura: Libro
Lingua:slovacco
Pubblicazione: Bratislava Slovenská vysoká škola technická 1983
Edizione:1. vyd.
Soggetti:
Accesso online:Visualizza in OPAC
Tags: Aggiungi Tag
Nessun Tag, puoi essere il primo ad aggiungerne!!

MARC

LEADER 00000cam a2200000 a 4500
005 20260127134213.0
008 180814s1983 xo a np 00000 slo
015 |a SNBA1983/12 
035 |a vtls001092947 
035 |a SNK000035789 
039 9 |a 201808141708  |b VLOAD  |c 201808141708  |d VLOAD  |c 201510151625  |d VLOAD  |c 201403101628  |d csnk01  |y 200412241041  |z VLOAD 
040 |a SNK  |b slo  |c SNK  |e AACR2 
041 0 |a slo 
044 |a xo  |c SK 
080 |a 543(075.8)  |2 1981 
100 1 |a Hladký, Zdeněk  |9 416 
245 1 0 |a Analytická chémia zložitých sústav  |c Zdeněk Hladký, Otokar Liška 
250 |a 1. vyd. 
260 |a Bratislava  |b Slovenská vysoká škola technická  |c 1983 
300 |a 180 s.  |b sch., tab.  |c 29 cm 
366 |e 130 výt. 
500 |a Bibliogr. 
650 0 7 |a analytická chémia  |2 SNKPH 
655 7 |a učebnice vysokých škôl  |2 SNKPH 
700 1 |a Liška, Otokar  |4 aut 
910 |a snk 
958 |a OND 
958 |a NB 
958 |a UV 
999 |c 6601  |d 6601